Responses for Show #7255 - Friday, March 11, 2016

Contestants

[<< previous game]

Gordon Moffat, an e-discovery professional from Nashville, Tennessee

Victor Ferreira, a transplant immunologist from Cambridge, Ontario, Canada

Katrina Mundinger, a musician from Minneapolis, Minnesota (whose 2-day cash winnings total $22,000)

[next game >>]

Jeopardy! Round responses

BUSTED!
THE ENTERTAINMENT BUSINESS?
IT'S THE WURST
WEAPONS IN THE BOARD GAME CLUE
U.S. GEOGRAPHY
FROM "C" TO SHINING "C"
(Alex: Each correct response will begin with a "C" and end with a "C".)
    $200 5
Victor Hugo

Victor
    $200 7
The Beverly Hillbillies

Katrina
    $200 4
blood sausage

Gordon
    $200 1
a rope

Gordon
    $200 2
Lake Erie

Gordon
    $200 21
Cyrillic

Victor
    $400 19
Karl Marx

Gordon
    $400 11
Wayne Industries (or Wayne Enterprises)

Victor
    $400 6
(Gordon: What is... salami?)

bologna (baloney accepted)

VictorGordon
    $400 20
Yosemite

Katrina
    $400 3
(Gordon: What is [*]...)
(Alex: [*] is enough. Just stop right there. You were--you were doing so well, and your mouth wanted to keep going.)

cubic

Gordon
    $600 12
Desperate Housewives

Victor
    $600 8
Cincinnati

Katrina
    $600 28
[The end-of-round signal sounds.]

Candlestick Park

Gordon
    $600 15
Santa Fe

Gordon
    $600 17
a classic

Gordon
    $800 27
Richelieu

Gordon
    $800 13
Acme

Victor
    $800 9
Bavaria

Katrina
    $800 25
wrench

Gordon
    $800 16
the Appalachians

Katrina
    $800 22
Cadillac

Gordon
    $1000 26
Nefertiti

Katrina
    $1000 14
Central Perk

Gordon
    $1000 10
Currywurst

Victor
    $1000 24
lead pipe

Triple Stumper
    $1000 18
the Dry Tortugas

Gordon
    $1000 23
(Alex: You are right, with less than a minute now.)

a cynic

Gordon

Scores at the first commercial break (after clue 14):

Katrina Victor Gordon
$1,600 $3,400 $1,600

Scores at the end of the Jeopardy! Round:

Katrina Victor Gordon
$3,800 $3,600 $8,200

Double Jeopardy! Round responses

A BILLION VIEWS ON YOUTUBE
EXPLORATION
BUGGY WORDS & PHRASES
U.S. FIRSTS
THE MIDDLE
LITERARY CHARACTERS' LAST WORDS
    $400 1
Katy Perry

Katrina
    $400 21
the South Pole

Victor
    $400 6
moth-eaten

Gordon
    $400 29
(Victor: What is the Apple?)

the Early Bird

KatrinaVictor
    $400 8
a mile

Katrina
    $400 9
Scarlett O'Hara

Katrina
    $800 2
Taylor Swift

Gordon
    $800 7
(Dr. David) Livingstone

Katrina
    $800 23
a beehive

Gordon
    $800 24
unconstitutional

Victor
    $800 10
Venus

Gordon
    $800 15
Kurtz

Gordon
    $1200 3
(Katrina: Who is Ricky Martin?)

Enrique Iglesias

KatrinaVictor
    $1200 13
the Orinoco

Gordon
    $1200 22
the flea flicker

Gordon
    $1200 11
Mount St. Helens

Katrina
    $1200 12
Middle-earth

Gordon
    $4,000 30
(Ebenezer) Scrooge

Katrina
    $1600 4
Ludacris

Victor
    $1600 14
the Kon-Tiki

Katrina
    $1600 25
a spider plant

Katrina
    $1600 16
Wyoming

Gordon
    $1600 20
the Middle Passage

Gordon
    $1600 27
Ahab

Gordon
    $2000 5
OneRepublic

Triple Stumper
    $2000 18
(Katrina: Who is Magellan?)

(Abel) Tasman

KatrinaGordon
    $4,000 26
(Alex: We're running out of time, Katrina. At the moment, this game's a runaway for Gordon.)

a fly in the ointment

Katrina
    $2000 17
the Adler Planetarium

Triple Stumper
    $2000 19
(Victor: What is in media res?)
(Gordon: In res media?)

in medias res

VictorGordon
Triple Stumper
    $2000 28
"The Lottery"

Triple Stumper

Scores at the end of the Double Jeopardy! Round:

Katrina Victor Gordon
$15,400 $5,200 $20,200

[wagering suggestions for these scores]

Final Jeopardy! Round responses

19th CENTURY DOCUMENTS
VictorWhat is the Gettysburg Address?
$0
KatrinaWhat is the Constitution?
$5,000
GordonWhat is the Confederate Const.
$4,500
the Confederate Constitution

Final scores:

Katrina Victor Gordon
$10,400 $5,200 $24,700
2nd place: $2,000 3rd place: $1,000 New champion: $24,700

Game dynamics:

Coryat scores:

Katrina Victor Gordon
$10,600 $5,200 $20,200
16 R
(including 3 DDs),
2 W
11 R,
2 W
26 R,
2 W

Combined Coryat: $36,000

[game clues] [game scores] [suggest correction]

Game tape date: 2016-01-26
The J! Archive is created by fans, for fans. Scraping, republication, monetization, and malicious use prohibited; this site may use cookies and collect identifying information. See terms. The Jeopardy! game show and all elements thereof, including but not limited to copyright and trademark thereto, are the property of Jeopardy Productions, Inc. and are protected under law. This website is not affiliated with, sponsored by, or operated by Jeopardy Productions, Inc. Join the discussion at JBoard.tv.